Tribhuvan University Central Library

A study of Kham Magar and english kinship terms (Record no. 67483)

MARC details
000 -LEADER
fixed length control field 00432 a2200145 4500
041 ## - LANGUAGE CODE
Language code of text/sound track or separate title Eng
082 ## - DEWEY DECIMAL CLASSIFICATION NUMBER
Classification number CD9367
100 ## - MAIN ENTRY--PERSONAL NAME
Personal name Pun, Lok Bahadur
245 ## - TITLE STATEMENT
Title A study of Kham Magar and english kinship terms
260 ## - PUBLICATION, DISTRIBUTION, ETC. (IMPRINT)
Place of publication, distribution, etc Kathmandu
Date of publication, distribution, etc 2012
502 ## - DISSERTATION NOTE
Dissertation note Dissertation
Degree type Degree in Education
Name of granting institution T.U.
650 ## - SUBJECT ADDED ENTRY--TOPICAL TERM
Topical term or geographic name as entry element Linguistic scenario
-- Kham Magar language
-- Kinship terms
-- Male & female ego
653 ## - INDEX TERM--UNCONTROLLED
Uncontrolled term English language
942 ## - ADDED ENTRY ELEMENTS (KOHA)
Source of classification or shelving scheme Dewey Decimal Classification
Koha item type Audio Visual Materials
Holdings
Withdrawn status Lost status Source of classification or shelving scheme Damaged status Not for loan Home library Current library Date acquired Total Checkouts Full call number Barcode Date last seen Price effective from Koha item type
    Dewey Decimal Classification     Tribhuvan University Central Library Tribhuvan University Central Library 08/07/2013   CD9367 A9315 08/07/2013 08/07/2013 Audio Visual Materials